| 000 -LEADER |
| fixed length control field |
00763nam a22001577a 4500 |
| 003 - CONTROL NUMBER IDENTIFIER |
| control field |
OSt |
| 005 - DATE AND TIME OF LATEST TRANSACTION |
| control field |
20190311144115.0 |
| 008 - FIXED-LENGTH DATA ELEMENTS--GENERAL INFORMATION |
| fixed length control field |
190311b xxu||||| |||| 00| 0 eng d |
| 040 ## - CATALOGING SOURCE |
| Transcribing agency |
RUA |
| 082 ## - DEWEY DECIMAL CLASSIFICATION NUMBER |
| Classification number |
AGR CHA 2007 B1.222 Or.1 |
| 100 ## - MAIN ENTRY--PERSONAL NAME |
| 9 (RLIN) |
13487 |
| Personal name |
CHAN PHIRUN,ចន្ច័ ភិរុណ |
| 245 ## - TITLE STATEMENT |
| Title |
effective of nutrient on the on the growth of wood ear at royal university of agរiculture,ឥទ្ធិពលនៃសារធាតុបន្ថែមទៅលើការដាំដុះលូតលាស់របស់ផ្សិតត្រចៀកកណ្តុលនៅសលកវិទ្យាល័យភូមិន្ទកសិកម្ម |
| 260 ## - PUBLICATION, DISTRIBUTION, ETC. (IMPRINT) |
| Place of publication, distribution, etc. |
phnom phen |
| Name of publisher, distributor, etc. |
rua |
| Date of publication, distribution, etc. |
2007 |
| 300 ## - PHYSICAL DESCRIPTION |
| Extent |
ix,52p; |
| Other physical details |
ill; |
| Dimensions |
29cm; |
| 942 ## - ADDED ENTRY ELEMENTS (KOHA) |
| Source of classification or shelving scheme |
|
| Koha item type |
AGR |